Statistics for Most popular baby girl names since 1950

Click here to take the quiz!

General Stats

  • This quiz has been taken 2,117 times
  • The average score is 41 of 62

Answer Stats

HintAnswer% Correct
1960Mary
85%
1953Mary
85%
1961Mary
85%
1955Mary
85%
1954Mary
85%
1957Mary
85%
1958Mary
85%
1959Mary
85%
1956Mary
85%
1998Emily
76%
1997Emily
76%
1996Emily
76%
1999Emily
76%
2001Emily
76%
2002Emily
76%
2003Emily
76%
2004Emily
76%
2005Emily
76%
2006Emily
76%
2007Emily
76%
2000Emily
76%
2008Emma
76%
1975Jennifer
67%
1977Jennifer
67%
1976Jennifer
67%
1970Jennifer
67%
1974Jennifer
67%
1973Jennifer
67%
1972Jennifer
67%
1971Jennifer
67%
1978Jennifer
67%
1980Jennifer
67%
1979Jennifer
67%
1981Jennifer
67%
1982Jennifer
67%
1983Jennifer
67%
1984Jennifer
67%
1985Jessica
65%
1986Jessica
65%
1987Jessica
65%
1989Jessica
65%
1990Jessica
65%
1993Jessica
65%
1994Jessica
65%
1995Jessica
65%
1988Jessica
65%
2011Sophia
58%
2010Isabella
52%
2009Isabella
52%
1952Linda
45%
1951Linda
45%
1950Linda
45%
1964Lisa
43%
1963Lisa
43%
1962Lisa
43%
1965Lisa
43%
1966Lisa
43%
1967Lisa
43%
1968Lisa
43%
1969Lisa
43%
1991Ashley
40%
1992Ashley
40%

Score Distribution

Percentile by Number Answered

Percent of People with Each Score

Your Score History

You have not taken this quiz